000 00272nam a2200109Ia 4500
008 190914s9999||||xx |||||||||||||| ||und||
100 _aHafiz Naseemuddin
245 0 _aPakistan kay Mah-w-Saal
260 _aIslamabad
_bSaeed Publications
_c1990
300 _a550
942 _cBK
999 _c9661
_d9661